[Event "Gideon Japhet ACP Open 2018"]
[Site "Jerusalem"]
[Date "2018.07.06"]
[Round "7"]
[White "Naiditsch, Arkadij"]
[Black "Nabaty, Tamir"]
[Result "1/2-1/2"]
[WhiteElo "2697"]
[BlackElo "2692"]
[Annotator "TA"]
[PlyCount "61"]
[EventDate "2018.07.01"]
[EventType "swiss"]
[EventCountry "ISR"]
[SourceTitle "playchess.com"]
[Source "ChessBase"]
[SourceQuality "1"]

{[%evp 15,61,-10,0,-16,9,19,27,26,35,0,0,0,0,0,0,0,6,0,0,0,0,-3,-8,-15,17,16,24,12,18,25,27,0,0,0,0,0,0,0,0,-6,-4,-5,0,0,0,0,0,0]} 1. e4 e5 2. Nf3 Nc6 3. Nc3 Nf6 4. Bb5 Bc5 5. d3 O-O 6. O-O Nd4 7. Bc4 c6 8. Nxd4 Bxd4 {LiveBook: 4 Games} 9. Bb3 {C65: Ruy Lopez: Berlin Defence (3...Nf6), unusual lines and 4 0-0 Bc5} d5 $146 ({Predecessor:} 9... a5 10. a4 d5 11. exd5 Nxd5 12. Qe1 Be6 13. Nxd5 Bxd5 14. Bxd5 Qxd5 15. Qe2 Rad8 16. Be3 Rfe8 {½-½ (36) Naiditsch,A (2712)-Yu,Y (2753) Danzhou 2017}) 10. exd5 Nxd5 11. Nxd5 {White has an edge.} cxd5 12. Re1 Be6 13. c3 Bb6 14. Rxe5 Bxf2+ $1 15. Kh1 Bb6 16. Qf3 Bc7 17. Bg5 Qd7 (17... Qd6 $5 18. Bf4 $8 Qa6 $11) 18. Ree1 d4 19. Bh4 Rac8 (19... Bd8 {is more complex.} 20. Re4 dxc3 21. bxc3 Bxh4 22. Rxh4 b5) 20. Qxb7 dxc3 21. bxc3 Bxb3 22. axb3 Qxd3 23. Qxa7 (23. Be7 {keeps more tension.} Rfe8 24. c4 Qd2 25. Bb4 Qd4 26. Qf3) 23... Qxc3 {The position is equal.} 24. Rec1 {[#]} Bb6 $1 {[%mdl 512]} 25. Rxc3 (25. Qxb6 Qxc1+) 25... Bxa7 26. Rxc8 Rxc8 $11 {KRB-KRB} 27. h3 Bb6 28. Bg3 f6 29. Bh2 Kf7 30. b4 Rc2 31. Bg1 {Precision: White = 73%, Black = 75%.} 1/2-1/2

[Event "Gideon Japhet ACP Open 2018"]
[Site "Jerusalem"]
[Date "2018.07.06"]
[Round "7"]
[White "Yuffa, Daniil"]
[Black "Steinberg, Nitzan"]
[Result "0-1"]
[WhiteElo "2577"]
[BlackElo "2521"]
[Annotator "ChessBase"]
[PlyCount "62"]
[EventDate "2018.07.01"]
[EventType "swiss"]
[EventCountry "ISR"]
[SourceTitle "playchess.com"]
[Source "ChessBase"]
[SourceQuality "1"]
[TimeControl "40/5400+30:1800+30"]

1. d4 {[%emt 0:00:00]} Nf6 {[%emt 0:00:00]} 2. c4 {[%emt 0:00:00]} e6 {[%emt 0:00:00]} 3. g3 {[%emt 0:00:00]} d5 {[%emt 0:00:16]} 4. Bg2 {[%emt 0:00:00]} Bb4+ {[%emt 0:00:35]} 5. Bd2 {[%emt 0:00:07]} Be7 {[%emt 0:00:16]} 6. Nf3 {[%emt 0:00:13]} O-O {[%emt 0:00:21]} 7. O-O {[%emt 0:00:09]} Nbd7 {[%emt 0:00:10]} 8. Nc3 {[%emt 0:02:25]} dxc4 {[%emt 0:01:35]} 9. e4 {[%emt 0:00:17]} c5 {[%emt 0:01:52]} 10. Bf4 {[%emt 0:06:23]} Qb6 {[%emt 0:07:30]} 11. d5 {[%emt 0:03:27]} exd5 {[%emt 0:00:05]} 12. e5 {[%emt 0:07:38]} d4 {[%emt 0:00:05]} 13. exf6 {[%emt 0:02:21]} Nxf6 {[%emt 0:00:06]} 14. Na4 {[%emt 0:03:27]} Qa6 {[%emt 0:00:09]} 15. Ne5 {[%emt 0:04:34]} Be6 {[%emt 0:04:10]} 16. b3 {[%emt 0:26:59]} c3 {[%emt 0:17:04]} 17. Bg5 {[%emt 0:09:20]} Rac8 {[%emt 0:03:55]} 18. Nd3 {[%emt 0:01:15]} Rfd8 {[%emt 0:08:30]} 19. Bxf6 {[%emt 0:10:32]} gxf6 {[%emt 0:00:08]} 20. Re1 {[%emt 0:04:52]} b5 {[%emt 0:09:17]} 21. Naxc5 {[%emt 0:00:06]} Bxc5 {[%emt 0:02:39]} 22. Be4 {[%emt 0:00:04]} f5 {[%emt 0:02:47]} 23. Qh5 {[%emt 0:00:06]} Bf8 {[%emt 0:04:18]} 24. Bxf5 {[%emt 0:00:09]} Bxf5 {[%emt 0:00:16]} 25. Qxf5 {[%emt 0:00:03]} Qg6 {[%emt 0:00:50]} 26. Qf3 {[%emt 0:00:21]} Re8 {[%emt 0:01:28]} 27. Nf4 {[%emt 0:01:08]} Qf5 {[%emt 0:04:00]} 28. g4 {[%emt 0:03:16]} Qf6 {[%emt 0:00:54]} 29. Qg3 {[%emt 0:00:06]} Rxe1+ {[%emt 0:03:10]} 30. Rxe1 {[%emt 0:00:02]} c2 {[%emt 0:00:48]} 31. Nh5 {[%emt 0:00:09]} Qg6 {[%emt 0:02:02]} 0-1

[Event "Gideon Japhet ACP Open 2018"]
[Site "Jerusalem"]
[Date "2018.07.06"]
[Round "7"]
[White "Baron, Tal"]
[Black "Boruchovsky, Avital"]
[Result "1-0"]
[WhiteElo "2530"]
[BlackElo "2558"]
[Annotator "ChessBase"]
[PlyCount "49"]
[EventDate "2018.07.01"]
[EventType "swiss"]
[EventCountry "ISR"]
[SourceTitle "playchess.com"]
[Source "ChessBase"]
[SourceQuality "1"]
[TimeControl "40/5400+30:1800+30"]

1. d4 {[%emt 0:00:00]} d5 {[%emt 0:00:00]} 2. c4 {[%emt 0:00:00]} c6 {[%emt 0:00:00]} 3. Nf3 {[%emt 0:00:00]} Nf6 {[%emt 0:00:00]} 4. g3 {[%emt 0:00:31]} dxc4 {[%emt 0:00:11]} 5. Bg2 {[%emt 0:00:04]} g6 {[%emt 0:00:08]} 6. O-O {[%emt 0:00:25]} Bg7 {[%emt 0:00:04]} 7. a4 {[%emt 0:00:15]} Ne4 {[%emt 0:00:28]} 8. Nc3 {[%emt 0:00:10]} Nd6 {[%emt 0:02:07]} 9. e4 {[%emt 0:11:13]} Bg4 {[%emt 0:02:09]} 10. Be3 {[%emt 0:00:08]} O-O {[%emt 0:04:38]} 11. Qd2 {[%emt 0:19:41]} Nd7 {[%emt 0:04:25]} 12. Ng5 {[%emt 0:06:14]} e5 {[%emt 0:10:19]} 13. h3 {[%emt 0:02:18]} Be6 {[%emt 0:01:14]} 14. d5 {[%emt 0:06:28]} cxd5 {[%emt 0:05:04]} 15. Nxe6 {[%emt 0:01:20]} fxe6 {[%emt 0:00:37]} 16. exd5 {[%emt 0:00:03]} Nf6 {[%emt 0:01:04]} 17. dxe6 {[%emt 0:00:16]} Re8 {[%emt 0:00:08]} 18. Rfd1 {[%emt 0:04:31]} Rxe6 {[%emt 0:01:16]} 19. Nb5 {[%emt 0:03:45]} Bf8 {[%emt 0:00:53]} 20. Bd5 {[%emt 0:01:32]} Qd7 {[%emt 0:10:16]} 21. Bxe6+ {[%emt 0:02:30]} Qxe6 {[%emt 0:00:02]} 22. Nxd6 {[%emt 0:03:41]} Rd8 {[%emt 0:00:08]} 23. Bc5 {[%emt 0:00:18]} b6 {[%emt 0:06:50]} 24. Ba3 {[%emt 0:00:15]} Qxh3 {[%emt 0:03:58]} 25. Qg5 {[%emt 0:01:01]} 1-0

[Event "Gideon Japhet ACP Open 2018"]
[Site "Jerusalem"]
[Date "2018.07.06"]
[Round "7"]
[White "Muzychuk, Mariya"]
[Black "Bagrationi, Alexander"]
[Result "1-0"]
[WhiteElo "2521"]
[BlackElo "2539"]
[Annotator "ChessBase"]
[PlyCount "47"]
[EventDate "2018.07.01"]
[EventType "swiss"]
[EventCountry "ISR"]
[SourceTitle "playchess.com"]
[Source "ChessBase"]
[SourceQuality "1"]
[TimeControl "40/5400+30:1800+30"]

1. e4 {[%emt 0:02:38]} c5 {[%emt 0:00:00]} 2. Nf3 {[%emt 0:00:08]} d6 {[%emt 0:00:00]} 3. d4 {[%emt 0:00:45]} cxd4 {[%emt 0:00:00]} 4. Nxd4 {[%emt 0:00:02]} Nf6 {[%emt 0:00:00]} 5. Nc3 {[%emt 0:00:04]} Nc6 {[%emt 0:00:00]} 6. Bg5 {[%emt 0:00:26]} Bd7 {[%emt 0:00:00]} 7. Qd2 {[%emt 0:01:08]} Rc8 {[%emt 0:02:22]} 8. O-O-O {[%emt 0:00:54]} Nxd4 {[%emt 0:00:30]} 9. Qxd4 {[%emt 0:00:05]} Qa5 {[%emt 0:00:05]} 10. f4 {[%emt 0:00:15]} h6 {[%emt 0:00:10]} 11. Bxf6 {[%emt 0:00:30]} gxf6 {[%emt 0:00:03]} 12. Kb1 {[%emt 0:01:52]} Qc5 {[%emt 0:04:56]} 13. Qd2 {[%emt 0:04:10]} f5 {[%emt 0:03:58]} 14. e5 {[%emt 0:05:38]} e6 {[%emt 0:02:04]} 15. g4 {[%emt 0:08:07]} Bc6 {[%emt 0:06:33]} 16. Bg2 {[%emt 0:01:35]} Bxg2 {[%emt 0:01:04]} 17. Qxg2 {[%emt 0:00:06]} Rg8 {[%emt 0:00:21]} 18. Qxb7 {[%emt 0:03:36]} Rc7 {[%emt 0:02:53]} 19. Qa6 {[%emt 0:09:33]} Rxg4 {[%emt 0:04:05]} 20. exd6 {[%emt 0:06:13]} Rc6 {[%emt 0:01:37]} 21. d7+ {[%emt 0:03:39]} Kd8 {[%emt 0:01:58]} 22. Qb7 {[%emt 0:00:17]} Bd6 {[%emt 0:00:31]} 23. Nb5 {[%emt 0:11:45]} Rb6 {[%emt 0:01:39]} 24. Nxd6 {[%emt 0:04:09]} 1-0

[Event "Gideon Japhet ACP Open 2018"]
[Site "Jerusalem"]
[Date "2018.07.06"]
[Round "7"]
[White "Kobo, Ori"]
[Black "Zanan, Evgeny"]
[Result "0-1"]
[WhiteElo "2508"]
[BlackElo "2497"]
[Annotator "TA"]
[PlyCount "84"]
[EventDate "2018.07.01"]
[EventType "swiss"]
[EventCountry "ISR"]
[SourceTitle "playchess.com"]
[Source "ChessBase"]
[SourceQuality "1"]

{[%evp 23,84,0,0,-14,-8,-14,-8,-18,0,0,0,-43,-25,-35,-43,-37,-41,-47,-40,-63,-52,-72,-48,-62,-43,-37,-43,-52,-41,-55,-17,-18,-13,-13,-25,-26,-34,-25,-28,-21,-47,-110,-107,-136,-154,-197,-200,-194,-197,-236,-229,-220,-211,-325,-255,-244,-239,-497,-493,-495,-488,-493,-360]} 1. c4 Nf6 2. g3 e6 3. Bg2 d5 4. Nf3 Be7 5. O-O O-O 6. b3 d4 7. Bb2 c5 8. e3 Nc6 9. exd4 cxd4 10. Re1 Bc5 11. d3 {A14: English Opening: 1...e6 with b3 by White} Re8 12. Ba3 Nd7 {LiveBook: 5 Games} 13. Bxc5 {The position is equal.} (13. Nfd2 Nb4 14. Ne4 a5 15. f4 Be7 16. Bb2 Nc6 17. a3 b6 18. Nd6 Bxd6 19. Bxc6 {½-½ (54) Robson,R (2668)-So,W (2822) Saint Louis 2017}) 13... Nxc5 14. Ne5 Nxe5 15. Rxe5 Qc7 $146 ({Predecessor:} 15... Qd6 16. f4 a5 17. Nd2 Bd7 18. Ne4 Nxe4 19. Bxe4 {½-½ (29) Grigoriants,S (2451)-Jakovenko,D (2443) Ufa 2000}) 16. f4 f6 17. Rh5 {[#] Hoping for Rxh7!} g6 18. Rh4 $1 a5 19. Nd2 Bd7 20. Qf1 Bc6 21. Re1 Qd6 22. a3 Bxg2 23. Kxg2 Qb6 24. Rb1 Re7 25. Kg1 Qc6 26. Re1 Rf7 27. Qe2 Qb6 28. Rb1 Rd8 29. Qf3 Qc6 30. Qf1 b5 31. b4 axb4 32. Rxb4 (32. axb4 $15 Na4 33. Qg2 Qxg2+ 34. Kxg2) 32... bxc4 33. Nxc4 Qd5 34. a4 {[#]} Rb7 $1 {[%cal Rb7b4]} 35. Rxb7 Qxb7 36. f5 exf5 37. Rf4 Qb3 38. Rf3 (38. Qe1 $142 Qb7 39. Qd1) 38... Qxa4 39. g4 Rb8 {...Qc2 is the strong threat.} 40. Qe2 $2 (40. gxf5 Qc2 41. Qf2 Qxf2+ 42. Kxf2) 40... Re8 $19 {Black is clearly winning.} 41. Qd2 Qc6 42. Rf4 Ne6 {Precision: White = 42%, Black = 80%.} 0-1

[Event "Gideon Japhet ACP Open 2018"]
[Site "Jerusalem"]
[Date "2018.07.06"]
[Round "7"]
[White "Oratovsky, Michael"]
[Black "Veinberg, Nimrod"]
[Result "1/2-1/2"]
[WhiteElo "2461"]
[BlackElo "2390"]
[Annotator "ChessBase"]
[PlyCount "107"]
[EventDate "2018.07.01"]
[EventType "swiss"]
[EventCountry "ISR"]
[SourceTitle "playchess.com"]
[Source "ChessBase"]
[SourceQuality "1"]
[TimeControl "40/5400+30:1800+30"]

1. e4 {[%emt 0:01:11]} e5 {[%emt 0:00:57]} 2. Nf3 {[%emt 0:00:06]} Nc6 {[%emt 0:00:05]} 3. Bc4 {[%emt 0:00:03]} Bc5 {[%emt 0:00:06]} 4. c3 {[%emt 0:00:04]} Nf6 {[%emt 0:00:05]} 5. d3 {[%emt 0:00:04]} O-O {[%emt 0:00:23]} 6. Nbd2 {[%emt 0:00:07]} d6 {[%emt 0:00:14]} 7. h3 {[%emt 0:07:10]} a6 {[%emt 0:00:39]} 8. Bb3 {[%emt 0:00:15]} Ba7 {[%emt 0:00:14]} 9. Nf1 {[%emt 0:00:39]} d5 {[%emt 0:00:26]} 10. Qe2 {[%emt 0:10:39]} Be6 {[%emt 0:00:19]} 11. Ng5 {[%emt 0:11:11]} dxe4 {[%emt 0:00:59]} 12. Nxe6 {[%emt 0:26:56]} exd3 {[%emt 0:02:07]} 13. Nxd8 {[%emt 0:00:55]} dxe2 14. Nxc6 {[%emt 0:00:11]} exf1=Q+ {[%emt 0:00:49]} 15. Rxf1 {[%emt 0:01:40]} bxc6 {[%emt 0:05:57]} 16. Ba4 {[%emt 0:05:17]} c5 {[%emt 0:02:40]} 17. Bg5 {[%emt 0:07:35]} Rfd8 {[%emt 0:00:10]} 18. Bxf6 {[%emt 0:10:39]} gxf6 19. Bb3 {[%emt 0:00:02]} Rab8 {[%emt 0:03:24]} 20. Rb1 Rd6 {[%emt 0:01:06]} 21. Ke2 {[%emt 0:00:42]} Rdb6 22. Rfd1 {[%emt 0:14:04]} Rd6 {[%emt 0:08:35]} 23. Bc4 Kf8 {[%emt 0:03:41]} 24. b3 {[%emt 0:01:43]} Ke7 {[%emt 0:00:50]} 25. Rd3 {[%emt 0:00:40]} Bb6 {[%emt 0:01:13]} 26. Rbd1 {[%emt 0:00:33]} Ba5 {[%emt 0:00:26]} 27. Rg3 {[%emt 0:00:24]} f5 {[%emt 0:07:13]} 28. Rxd6 {[%emt 0:00:36]} cxd6 {[%emt 0:00:04]} 29. Rg7 {[%emt 0:00:26]} Rf8 {[%emt 0:00:14]} 30. Kd3 {[%emt 0:00:36]} Kf6 {[%emt 0:00:31]} 31. Rg3 {[%emt 0:00:22]} e4+ {[%emt 0:05:28]} 32. Kc2 {[%emt 0:00:29]} Ke5 {[%emt 0:00:44]} 33. Rg5 {[%emt 0:00:18]} d5 {[%emt 0:00:49]} 34. Bxa6 {[%emt 0:00:18]} Ra8 35. Bb7 {[%emt 0:00:06]} Ra7 {[%emt 0:01:41]} 36. Bc8 d4 {[%emt 0:03:02]} 37. Rxf5+ {[%emt 0:01:32]} Kd6 {[%emt 0:00:10]} 38. Rf6+ {[%emt 0:00:48]} Ke7 {[%emt 0:00:28]} 39. Ra6 {[%emt 0:00:02]} Rxa6 40. Bxa6 Bxc3 {[%emt 0:00:39]} 41. f3 {[%emt 0:06:18]} f5 {[%emt 0:08:17]} 42. Bb7 {[%emt 0:14:08]} e3 {[%emt 0:01:13]} 43. Kd3 {[%emt 0:00:08]} f4 {[%emt 0:11:09]} 44. Ba6 {[%emt 0:00:50]} Kf6 {[%emt 0:00:08]} 45. Ke2 {[%emt 0:12:07]} Ke5 {[%emt 0:01:10]} 46. Bd3 {[%emt 0:00:19]} h6 {[%emt 0:00:16]} 47. Bc4 {[%emt 0:00:34]} Kd6 {[%emt 0:00:26]} 48. Kd3 {[%emt 0:00:23]} Ke5 {[%emt 0:01:50]} 49. Ke2 {[%emt 0:00:47]} Bd2 {[%emt 0:00:25]} 50. Kd1 {[%emt 0:00:27]} Kf5 {[%emt 0:00:27]} 51. Bd3+ {[%emt 0:00:19]} Kg5 {[%emt 0:00:09]} 52. Ke2 {[%emt 0:00:09]} Kh4 {[%emt 0:00:20]} 53. Kf1 {[%emt 0:00:22]} Bc3 {[%emt 0:00:15]} 54. Ke2 {[%emt 0:00:43]} 1/2-1/2

[Event "Gideon Japhet ACP Open 2018"]
[Site "Jerusalem"]
[Date "2018.07.06"]
[Round "7"]
[White "Gorodetzky, David"]
[Black "Parkhov, Yair"]
[Result "1/2-1/2"]
[WhiteElo "2460"]
[BlackElo "2364"]
[Annotator "TA"]
[PlyCount "45"]
[EventDate "2018.07.01"]
[EventType "swiss"]
[EventCountry "ISR"]
[SourceTitle "playchess.com"]
[Source "ChessBase"]
[SourceQuality "1"]

{[%evp 24,45,4,0,0,0,0,0,0,0,0,0,0,0,0,0,0,0,0,0,0,0,0,0]} 1. e4 e5 2. Nf3 Nc6 3. d4 exd4 4. Nxd4 Nf6 5. Nc3 Bb4 6. Nxc6 bxc6 7. Bd3 d5 8. exd5 cxd5 9. O-O O-O 10. Bg5 c6 11. Qf3 Be7 12. Rae1 Be6 13. h3 {LiveBook: 7 Games. The position is equal. C47: Scotch Four Knights and Four Knights with 4 g3} h6 (13... Rb8 14. Nd1 h6 15. Bxh6 gxh6 16. Rxe6 fxe6 17. Qg3+ Kh8 18. Qg6 Qe8 19. Qxh6+ Kg8 20. Qg5+ Kh8 21. Qh6+ Kg8 22. Qg5+ Kh8 23. Qh6+ {½-½ (23) Ovetchkin,R (2529)-Lysyj,I (2656) Ekaterinburg 2013}) 14. Bxh6 gxh6 {[#]} 15. Rxe6 $1 {[%mdl 512]} fxe6 16. Qg3+ Kh8 17. Qg6 Qe8 18. Qxh6+ Kg8 {[#] Strongly threatening ...Qh5.} 19. Qg5+ Kh8 $146 20. Qh6+ Kg8 {White must now prevent ...Qh5.} 21. Qg5+ Kh8 22. Qh6+ Kg8 {...Qh5 is the strong threat.} 23. Qg5+ 1/2-1/2

[Event "Gideon Japhet ACP Open 2018"]
[Site "Jerusalem"]
[Date "2018.07.06"]
[Round "7"]
[White "Kantsler, Boris"]
[Black "Gluhovsky, Mark"]
[Result "1-0"]
[WhiteElo "2422"]
[BlackElo "2308"]
[Annotator "ChessBase"]
[PlyCount "99"]
[EventDate "2018.07.01"]
[EventType "swiss"]
[EventCountry "ISR"]
[SourceTitle "playchess.com"]
[Source "ChessBase"]
[SourceQuality "1"]
[TimeControl "40/5400+30:1800+30"]

1. d4 {[%emt 0:22:41]} Nf6 {[%emt 0:00:00]} 2. c4 {[%emt 0:00:14]} g6 {[%emt 0:00:00]} 3. Nf3 {[%emt 0:00:13]} Bg7 {[%emt 0:00:06]} 4. g3 {[%emt 0:00:01]} d6 {[%emt 0:00:08]} 5. Bg2 {[%emt 0:00:03]} O-O {[%emt 0:00:08]} 6. O-O {[%emt 0:00:02]} Nc6 {[%emt 0:00:28]} 7. Nc3 {[%emt 0:00:28]} a6 {[%emt 0:00:11]} 8. Qd3 {[%emt 0:00:48]} Bd7 {[%emt 0:09:20]} 9. e4 {[%emt 0:09:16]} e5 {[%emt 0:01:52]} 10. d5 {[%emt 0:00:10]} Nb4 {[%emt 0:01:13]} 11. Qe2 {[%emt 0:01:59]} a5 {[%emt 0:00:08]} 12. Ne1 {[%emt 0:00:24]} Ne8 {[%emt 0:06:11]} 13. Rb1 {[%emt 0:08:35]} c5 {[%emt 0:08:34]} 14. a3 {[%emt 0:11:14]} Na6 {[%emt 0:01:25]} 15. Nb5 {[%emt 0:01:53]} Nac7 {[%emt 0:03:41]} 16. a4 {[%emt 0:04:44]} Na6 {[%emt 0:02:54]} 17. Nd3 {[%emt 0:05:55]} Nb4 {[%emt 0:07:42]} 18. Nxb4 {[%emt 0:01:12]} axb4 {[%emt 0:00:18]} 19. b3 {[%emt 0:00:03]} f5 {[%emt 0:01:20]} 20. exf5 {[%emt 0:00:22]} Bxf5 {[%emt 0:03:49]} 21. Ra1 {[%emt 0:02:50]} Nf6 {[%emt 0:03:53]} 22. Be3 {[%emt 0:10:33]} Qd7 {[%emt 0:03:09]} 23. Rae1 {[%emt 0:03:15]} h6 {[%emt 0:03:28]} 24. f3 {[%emt 0:07:48]} g5 {[%emt 0:00:40]} 25. g4 {[%emt 0:00:04]} Bg6 {[%emt 0:00:52]} 26. Bf2 {[%emt 0:00:13]} Rae8 {[%emt 0:04:15]} 27. Bg3 {[%emt 0:00:07]} h5 {[%emt 0:01:16]} 28. h3 {[%emt 0:00:16]} Re7 {[%emt 0:00:49]} 29. Qd2 {[%emt 0:03:56]} Bh6 {[%emt 0:02:39]} 30. Re3 {[%emt 0:03:31]} Ref7 {[%emt 0:01:42]} 31. Nxd6 {[%emt 0:01:18]} Qxd6 {[%emt 0:00:17]} 32. Bxe5 {[%emt 0:00:14]} Qd7 {[%emt 0:01:03]} 33. Rfe1 {[%emt 0:00:17]} Bg7 {[%emt 0:01:24]} 34. R3e2 {[%emt 0:01:35]} Nh7 {[%emt 0:04:11]} 35. Bxg7 {[%emt 0:00:01]} Rxg7 {[%emt 0:00:43]} 36. Re6 {[%emt 0:00:29]} Re8 {[%emt 0:02:29]} 37. Rxe8+ {[%emt 0:00:10]} Bxe8 {[%emt 0:00:08]} 38. Qe3 {[%emt 0:00:00]} Bf7 {[%emt 0:03:59]} 39. Qxc5 {[%emt 0:00:01]} Nf8 {[%emt 0:00:53]} 40. Re7 {[%emt 0:02:25]} b6 {[%emt 0:00:38]} 41. Rxd7 {[%emt 0:30:19]} bxc5 {[%emt 0:30:07]} 42. Rc7 {[%emt 0:00:03]} Be8 {[%emt 0:09:37]} 43. Rxc5 {[%emt 0:00:13]} Ng6 {[%emt 0:04:34]} 44. Rc8 {[%emt 0:01:12]} Kf8 45. d6 {[%emt 0:00:32]} h4 {[%emt 0:08:48]} 46. c5 {[%emt 0:00:14]} Ne5 {[%emt 0:00:56]} 47. f4 {[%emt 0:00:00]} gxf4 {[%emt 0:00:00]} 48. c6 {[%emt 0:00:00]} f3 {[%emt 0:00:00]} 49. c7 {[%emt 0:00:00]} fxg2 {[%emt 0:00:00]} 50. Rxe8+ {[%emt 0:00:00]} 1-0

[Event "Gideon Japhet ACP Open 2018"]
[Site "Jerusalem"]
[Date "2018.07.06"]
[Round "7"]
[White "Gruenfeld, Yehuda"]
[Black "Cohen Revivo, Shoham"]
[Result "1/2-1/2"]
[WhiteElo "2419"]
[BlackElo "2248"]
[Annotator "ChessBase"]
[PlyCount "100"]
[EventDate "2018.07.01"]
[EventType "swiss"]
[EventCountry "ISR"]
[SourceTitle "playchess.com"]
[Source "ChessBase"]
[SourceQuality "1"]
[TimeControl "40/5400+30:1800+30"]

1. e4 {[%emt 0:00:00]} c5 {[%emt 0:00:23]} 2. Nf3 {[%emt 0:00:00]} Nc6 {[%emt 0:00:11]} 3. Nc3 {[%emt 0:00:31]} e6 {[%emt 0:00:18]} 4. d4 {[%emt 0:00:22]} cxd4 {[%emt 0:00:15]} 5. Nxd4 {[%emt 0:00:05]} Nf6 {[%emt 0:00:10]} 6. Nxc6 {[%emt 0:00:11]} bxc6 {[%emt 0:00:07]} 7. e5 {[%emt 0:00:03]} Nd5 {[%emt 0:00:09]} 8. Ne4 {[%emt 0:00:05]} Qc7 {[%emt 0:00:27]} 9. f4 {[%emt 0:00:05]} Qb6 {[%emt 0:00:14]} 10. c4 {[%emt 0:01:31]} Bb4+ {[%emt 0:00:09]} 11. Ke2 {[%emt 0:00:17]} f5 {[%emt 0:00:06]} 12. Nf2 {[%emt 0:03:04]} Ba6 {[%emt 0:00:17]} 13. Kf3 {[%emt 0:00:14]} Ne7 {[%emt 0:00:09]} 14. Be3 {[%emt 0:01:55]} Bc5 {[%emt 0:00:07]} 15. Bxc5 {[%emt 0:00:10]} Qxc5 {[%emt 0:00:02]} 16. Qd6 {[%emt 0:00:08]} Qb6 {[%emt 0:00:05]} 17. b3 {[%emt 0:04:28]} Bb7 {[%emt 0:00:39]} 18. Rd1 {[%emt 0:01:06]} Kf7 {[%emt 0:05:19]} 19. h4 {[%emt 0:06:14]} c5+ {[%emt 0:10:23]} 20. Ke3 {[%emt 0:03:16]} Rhd8 {[%emt 0:01:43]} 21. Nd3 {[%emt 0:04:00]} Rac8 {[%emt 0:00:08]} 22. Qxb6 {[%emt 0:00:44]} axb6 {[%emt 0:00:02]} 23. Rh2 {[%emt 0:01:26]} Nc6 {[%emt 0:13:00]} 24. Nc1 {[%emt 0:04:06]} Nd4 {[%emt 0:15:05]} 25. g3 {[%emt 0:02:26]} d6 {[%emt 0:02:41]} 26. exd6 {[%emt 0:02:43]} Rxd6 {[%emt 0:01:44]} 27. Nd3 {[%emt 0:01:11]} Rcd8 {[%emt 0:06:58]} 28. Rhd2 {[%emt 0:01:11]} Ke7 {[%emt 0:01:05]} 29. Ne5 {[%emt 0:02:33]} Nc2+ {[%emt 0:04:03]} 30. Ke2 {[%emt 0:00:09]} Rxd2+ {[%emt 0:00:31]} 31. Rxd2 {[%emt 0:00:09]} Rxd2+ {[%emt 0:00:30]} 32. Kxd2 {[%emt 0:00:01]} Nd4 {[%emt 0:01:49]} 33. Be2 {[%emt 0:03:10]} Be4 {[%emt 0:02:21]} 34. Bd1 {[%emt 0:01:01]} Nc6 {[%emt 0:02:49]} 35. Ke3 {[%emt 0:03:20]} Nd4 {[%emt 0:14:31]} 36. b4 {[%emt 0:05:14]} Nc6 {[%emt 0:07:59]} 37. a3 {[%emt 0:04:18]} Kd6 {[%emt 0:04:56]} 38. Nxc6 {[%emt 0:02:27]} Bxc6 {[%emt 0:00:26]} 39. Bc2 {[%emt 0:04:20]} g6 {[%emt 0:02:22]} 40. h5 {[%emt 0:00:25]} e5 {[%emt 0:02:36]} 41. h6 {[%emt 0:35:20]} e4 {[%emt 0:31:48]} 42. g4 {[%emt 0:00:38]} Ke6 {[%emt 0:01:50]} 43. bxc5 {[%emt 0:00:25]} bxc5 {[%emt 0:00:02]} 44. gxf5+ {[%emt 0:02:47]} gxf5 {[%emt 0:00:06]} 45. a4 {[%emt 0:02:08]} Kd6 {[%emt 0:00:00]} 46. a5 {[%emt 0:00:00]} Kc7 {[%emt 0:00:00]} 47. Bd1 {[%emt 0:00:00]} Be8 {[%emt 0:00:00]} 48. Bc2 {[%emt 0:00:00]} Bc6 {[%emt 0:00:00]} 49. Bd1 {[%emt 0:00:00]} Be8 {[%emt 0:00:00]} 50. Bc2 Kb7 1/2-1/2